01013nam a2200241 a 450000100100000000500170001000800410002704000250006808200200009310000390011324500810015226000360023330000270026949000250029650000630032159000260038470000360041083000340044691000370048095201220051795201170063999900150075600000950020200929161618.0090930s2002 dr a 000 p spa d aDO-SdBNPbspacBNPHU aRD861.44bA774e1 aArredondo, Simeón,d1971-92431210aEcos del tiempo :bpoesía /cSimeón Arredondo ; prólogo Robert Berroa. aSanto Domingo :bBúho,c2002. a85 p. :bil. ;c22 cm.1 aPublicaciones Mirv1 aIncluye datos biográficos del autor en la contracubierta aInventariado, 2018/LP12aBerroa, Robert,epról.910541 0aPublicaciones Mir ;n1924313 aValidado. Control de calidad MFF 0010718PDaPDbPDcHDd2009-09-30iLF1l0oRD861.44 A774ep9500-10r2020-06-25te.2w2020-06-25yLFPDZNo se presta 0010718PDaPDbPDcHDd2010-09-03iLF1l0oRD861.44 A774ep9500-20r2020-06-25w2020-06-25yLFPDZNo se presta c9260d9260